000 00731nam a22002777a 4500
001 BR7702057
003 BR-BrBNA
005 20230928085244.0
007 ta
008 230509b bl.||||| |||| 00| 0 por d
040 _aBR-BrBNA
_bpor
_cBiblioteca Nacional de Agricultura
041 _a(Por)
072 _aF10
_b/G514
090 _ F10 BR7702057
100 1 _aSerra, A.
110 1 _aConselho Nacional de Pesquisas, Rio de Janeiro, RJ (Brasil)
_92696
245 1 _aPrevisoes diversas [climatologia]
260 3 _aRio de Janeiro, RJ (Brasil):
_c1977.
300 _a12 p.
500 _a6 illus.
650 _aCHUVA
650 _aTEMPERATURA
650 _aCLIMA
909 _a202309
_bLucia
_c55
_dLucia Elande
942 _cBK
999 _c23521
_d23521